000 00577nam a22001937a 4500
999 _c18534
_d18534
008 200924b xxu||||| |||| 00| 0 eng d
020 _a1285167570
050 _aTK5105.59
_b.W45 2014 c.1
100 _aWhitman, Michael
245 _aHands-on information security lab manual
_cMichael Whitman
250 _a4th ed.
260 _aAustralia
_bCengage learning
_c2014
300 _axiii, 526p.
650 _aComputer security
_vmanagement
650 _aInformation technology
_vsecurity measures
700 _aHerbert Mattord
700 _aAndrew Green
942 _2lcc
_cBK